000 00582nam a2200205Ia 4500
001 11142
003 IVS
005 20250626030841.0
008 211022s9999 xx 000 0 und d
040 _cIVS
082 _a746 TOO
100 _aTooba Shahid
245 0 _aNatural dyes, A cultural heritage or still being practiced commercially
260 _akarachi
260 _bIndus Valley School of Art & Architecture
260 _c2013
300 _a52
856 _uhttps://drive.google.com/file/d/1fAq9jM1UgLTUjjIU_Mqo676jo8L_HXga/view?usp=sharing
942 _cDISS
_2ddc
_n0
999 _c12906
_d12906